[Event "European Women's Championship"]
[Site "Vysoke Tatry"]
[Date "2018.04.14"]
[Round "7"]
[White "Milcova, Zuzana"]
[Black "Pavlidou, Ekaterini"]
[Result "1/2-1/2"]
[Board "66"]
[WhiteElo "2033"]
[WhiteCountry "SVK"]
[WhiteFideId "14920026"]
[WhiteEloChange "4"]
[BlackElo "2164"]
[BlackTitle "WIM"]
[BlackCountry "GRE"]
[BlackFideId "4213262"]
[BlackEloChange "-4"]

1. e4 {[%clk 1:30:57]} c5 {[%clk 1:30:46]} 2. c3 {[%clk 1:31:22]} d5 {[%clk
1:28:37]} 3. exd5 {[%clk 1:31:40]} Qxd5 {[%clk 1:29:00]} 4. d4 {[%clk 1:31:51]}
Nf6 {[%clk 1:29:07]} 5. Nf3 {[%clk 1:31:43]} Bf5 {[%clk 1:27:42]} 6. Be3 {[%clk
1:31:05]} Nc6 {[%clk 1:26:04]} 7. Na3 {[%clk 1:27:02]} cxd4 {[%clk 1:25:45]} 8.
Bc4 {[%clk 1:22:36]} Qa5 {[%clk 1:25:18]} 9. Nxd4 {[%clk 1:22:11]} Nxd4 {[%clk
1:25:30]} 10. Bxd4 {[%clk 1:20:49]} e5 {[%clk 1:24:29]} 11. Bb5+ {[%clk 1:19:33]}
Bd7 {[%clk 1:24:49]} 12. Bxd7+ {[%clk 1:19:04]} Nxd7 {[%clk 1:25:10]} 13. Nc4
{[%clk 1:17:40]} Qd5 {[%clk 1:24:23]} 14. Qe2 {[%clk 1:17:00]} f6 {[%clk
1:23:34]} 15. O-O {[%clk 1:00:25]} Be7 {[%clk 1:21:52]} 16. Rad1 {[%clk 0:22:25]}
Qe6 {[%clk 1:13:43]} 17. f4 {[%clk 0:18:23]} O-O {[%clk 1:08:08]} 18. fxe5 {[%clk
0:15:45]} b5 {[%clk 1:07:29]} 19. Nd2 {[%clk 0:09:35]} fxe5 {[%clk 1:05:50]} 20.
Nf3 {[%clk 0:08:49]} Bf6 {[%clk 1:03:41]} 21. Be3 {[%clk 0:08:39]} e4 {[%clk
0:41:00]} 22. Nd4 {[%clk 0:08:18]} Bxd4 {[%clk 0:39:02]} 23. Rxd4 {[%clk
0:08:26]} Rxf1+ {[%clk 0:38:18]} 24. Qxf1 {[%clk 0:08:52]} a6 {[%clk 0:38:22]}
25. Qd1 {[%clk 0:08:13]} Nf6 {[%clk 0:37:00]} 26. Qb3 {[%clk 0:06:47]} Qxb3
{[%clk 0:27:35]} 27. axb3 {[%clk 0:07:16]} Re8 {[%clk 0:24:29]} 28. h3 {[%clk
0:07:42]} Re6 {[%clk 0:24:13]} 29. b4 {[%clk 0:07:36]} h5 {[%clk 0:19:17]} 30.
Kf2 {[%clk 0:06:54]} Kf7 {[%clk 0:19:42]} 31. Ke2 {[%clk 0:06:51]} Kg6 {[%clk
0:19:20]} 32. Rd8 {[%clk 0:06:27]} h4 {[%clk 0:15:18]} 33. Bd4 {[%clk 0:05:02]}
Nh5 {[%clk 0:14:19]} 34. Rd7 {[%clk 0:05:05]} Ng3+ {[%clk 0:14:35]} 35. Kf2
{[%clk 0:01:20]} Nf5 {[%clk 0:15:00]} 36. Be3 {[%clk 0:01:16]} Rf6 {[%clk
0:14:25]} 37. Bf4 {[%clk 0:01:10]} Re6 {[%clk 0:12:32]} 38. Ke2 {[%clk 0:00:55]}
Kf6 {[%clk 0:12:13]} 39. Rd8 {[%clk 0:00:45]} Ke7 {[%clk 0:09:08]} 40. Bg5+
{[%clk 0:30:57]} Kf7 {[%clk 0:39:36]} 41. Rd7+ {[%clk 0:30:55]} Kg6 {[%clk
0:39:37]} 42. Bf4 {[%clk 0:25:12]} 1/2-1/2

[Event "European Women's Championship"]
[Site "Vysoke Tatry"]
[Date "2018.04.14"]
[Round "7"]
[White "Koubova, Anna Marie"]
[Black "Froewis, Annika"]
[Result "1-0"]
[Board "67"]
[WhiteElo "1819"]
[WhiteCountry "CZE"]
[WhiteFideId "381470"]
[WhiteEloChange "17"]
[BlackElo "2113"]
[BlackTitle "WFM"]
[BlackCountry "AUT"]
[BlackFideId "1621432"]
[BlackEloChange "-17"]

1. d4 {[%clk 1:30:57]} Nf6 {[%clk 1:30:55]} 2. c4 {[%clk 1:31:19]} e6 {[%clk
1:31:20]} 3. Nc3 {[%clk 1:31:35]} c5 {[%clk 1:30:51]} 4. d5 {[%clk 1:31:39]} exd5
{[%clk 1:31:10]} 5. cxd5 {[%clk 1:32:02]} d6 {[%clk 1:31:27]} 6. Nf3 {[%clk
1:31:54]} g6 {[%clk 1:31:34]} 7. Bf4 {[%clk 1:32:08]} Bg7 {[%clk 1:29:49]} 8. h3
{[%clk 1:19:30]} O-O {[%clk 1:27:08]} 9. e3 {[%clk 1:19:52]} a6 {[%clk 1:21:20]}
10. a4 {[%clk 1:20:13]} Qc7 {[%clk 1:08:55]} 11. Be2 {[%clk 1:19:19]} Nbd7 {[%clk
1:04:46]} 12. O-O {[%clk 1:18:57]} Nh5 {[%clk 1:00:09]} 13. Bh2 {[%clk 1:18:49]}
Nhf6 {[%clk 0:47:28]} 14. Re1 {[%clk 1:13:25]} Rb8 {[%clk 0:43:35]} 15. Nd2
{[%clk 1:07:45]} Ne8 {[%clk 0:42:45]} 16. a5 {[%clk 1:02:14]} f5 {[%clk 0:39:51]}
17. Nf3 {[%clk 0:51:31]} b5 {[%clk 0:36:33]} 18. axb6 {[%clk 0:51:27]} Rxb6
{[%clk 0:36:34]} 19. Qc2 {[%clk 0:47:03]} Qb8 {[%clk 0:28:52]} 20. Rab1 {[%clk
0:44:57]} Rb4 {[%clk 0:25:45]} 21. b3 {[%clk 0:43:53]} Bb7 {[%clk 0:20:44]} 22.
Nd2 {[%clk 0:40:53]} Bxc3 {[%clk 0:12:35]} 23. Qxc3 {[%clk 0:41:17]} Nef6 {[%clk
0:11:45]} 24. Bc4 {[%clk 0:36:44]} Rf7 {[%clk 0:10:53]} 25. e4 {[%clk 0:31:43]}
fxe4 {[%clk 0:10:38]} 26. Nxe4 {[%clk 0:31:58]} Nxe4 {[%clk 0:10:03]} 27. Rxe4
{[%clk 0:32:20]} Nf6 {[%clk 0:09:36]} 28. Re6 {[%clk 0:31:30]} Nxd5 {[%clk
0:09:16]} 29. Qd3 {[%clk 0:31:19]} Rxc4 {[%clk 0:06:02]} 30. bxc4 {[%clk
0:29:13]} Nb4 {[%clk 0:05:10]} 31. Qe3 {[%clk 0:27:04]} Bc6 {[%clk 0:04:48]} 32.
Bxd6 {[%clk 0:22:41]} Qc8 {[%clk 0:03:15]} 33. Bxc5 {[%clk 0:21:24]} Nc2 {[%clk
0:02:35]} 34. Qe5 {[%clk 0:20:25]} Rb7 {[%clk 0:01:13]} 35. Rxb7 {[%clk 0:19:15]}
Qxb7 {[%clk 0:01:23]} 36. Re8+ {[%clk 0:19:20]} 1-0

[Event "European Women's Championship"]
[Site "Vysoke Tatry"]
[Date "2018.04.14"]
[Round "7"]
[White "Zpevakova, Jana"]
[Black "Trisha Kanyamarala"]
[Result "1-0"]
[Board "68"]
[WhiteElo "2106"]
[WhiteCountry "CZE"]
[WhiteFideId "334030"]
[WhiteEloChange "8"]
[BlackElo "2031"]
[BlackCountry "IRL"]
[BlackFideId "45004722"]
[BlackEloChange "-8"]

1. d4 {[%clk 1:30:57]} d5 {[%clk 1:30:39]} 2. c4 {[%clk 1:31:22]} e6 {[%clk
1:30:53]} 3. Nf3 {[%clk 1:31:42]} Nf6 {[%clk 1:31:00]} 4. Nc3 {[%clk 1:31:59]}
Be7 {[%clk 1:31:05]} 5. Bg5 {[%clk 1:32:14]} h6 {[%clk 1:30:57]} 6. Bh4 {[%clk
1:32:23]} O-O {[%clk 1:31:05]} 7. e3 {[%clk 1:32:25]} b6 {[%clk 1:30:40]} 8. Be2
{[%clk 1:30:34]} Bb7 {[%clk 1:28:22]} 9. Bxf6 {[%clk 1:29:46]} Bxf6 {[%clk
1:28:29]} 10. cxd5 {[%clk 1:30:09]} exd5 {[%clk 1:28:22]} 11. b4 {[%clk 1:30:26]}
c6 {[%clk 1:05:51]} 12. Qb3 {[%clk 1:29:15]} a6 {[%clk 0:57:52]} 13. O-O {[%clk
1:27:01]} Nd7 {[%clk 0:52:51]} 14. a4 {[%clk 1:23:44]} b5 {[%clk 0:44:52]} 15. a5
{[%clk 1:18:18]} Be7 {[%clk 0:40:18]} 16. Rfe1 {[%clk 1:13:31]} Bd6 {[%clk
0:27:56]} 17. Bd3 {[%clk 1:06:01]} Nf6 {[%clk 0:24:34]} 18. Rab1 {[%clk 0:59:30]}
Re8 {[%clk 0:18:52]} 19. e4 {[%clk 0:54:45]} dxe4 {[%clk 0:19:05]} 20. Nxe4
{[%clk 0:54:48]} Nd5 {[%clk 0:17:13]} 21. Nc5 {[%clk 0:52:14]} Rxe1+ {[%clk
0:11:37]} 22. Rxe1 {[%clk 0:51:58]} Bxc5 {[%clk 0:11:28]} 23. dxc5 {[%clk
0:51:37]} Bc8 {[%clk 0:07:09]} 24. Bb1 {[%clk 0:48:26]} Nf6 {[%clk 0:03:36]} 25.
Qe3 {[%clk 0:42:38]} Be6 {[%clk 0:02:47]} 26. Nd4 {[%clk 0:40:38]} Bd5 {[%clk
0:01:54]} 27. Nf5 {[%clk 0:39:33]} Qd7 {[%clk 0:00:36]} 28. Qg3 {[%clk 0:36:58]}
g6 {[%clk 0:00:40]} 29. Nxh6+ {[%clk 0:34:54]} Kh7 {[%clk 0:00:47]} 30. Qh4
{[%clk 0:32:13]} Re8 {[%clk 0:00:34]} 31. Ng4+ {[%clk 0:30:38]} Kg7 {[%clk
0:00:32]} 32. Qh6+ {[%clk 0:30:59]} 1-0

[Event "European Women's Championship"]
[Site "Vysoke Tatry"]
[Date "2018.04.14"]
[Round "7"]
[White "Kaliadzich, Maryia"]
[Black "Slaba, Andrea"]
[Result "1/2-1/2"]
[Board "69"]
[WhiteElo "2078"]
[WhiteCountry "BLR"]
[WhiteFideId "13500015"]
[WhiteEloChange "-4"]
[BlackElo "1924"]
[BlackCountry "SVK"]
[BlackFideId "14940680"]
[BlackEloChange "4"]

1. d4 {[%clk 1:30:53]} Nf6 {[%clk 1:30:56]} 2. Nf3 {[%clk 1:31:11]} g6 {[%clk
1:31:21]} 3. Bf4 {[%clk 1:31:38]} d6 {[%clk 1:31:39]} 4. h3 {[%clk 1:31:44]} Bg7
{[%clk 1:31:56]} 5. e3 {[%clk 1:32:08]} O-O {[%clk 1:31:59]} 6. Be2 {[%clk
1:32:34]} c5 {[%clk 1:32:00]} 7. c3 {[%clk 1:32:59]} Nc6 {[%clk 1:31:56]} 8. O-O
{[%clk 1:32:54]} Qb6 {[%clk 1:31:30]} 9. Qc1 {[%clk 1:30:24]} Bd7 {[%clk
1:24:08]} 10. Nbd2 {[%clk 1:29:52]} cxd4 {[%clk 1:22:34]} 11. exd4 {[%clk
1:29:47]} Rac8 {[%clk 1:18:28]} 12. Bg5 {[%clk 1:14:07]} Qc7 {[%clk 1:13:07]} 13.
Nc4 {[%clk 1:05:46]} Rfe8 {[%clk 1:05:26]} 14. Qf4 {[%clk 0:57:06]} d5 {[%clk
0:55:24]} 15. Nce5 {[%clk 0:56:28]} Nxe5 {[%clk 0:53:37]} 16. dxe5 {[%clk
0:44:31]} Ne4 {[%clk 0:51:40]} 17. Bh6 {[%clk 0:44:47]} f5 {[%clk 0:44:06]} 18.
Rad1 {[%clk 0:40:53]} e6 {[%clk 0:40:53]} 19. Bd3 {[%clk 0:38:25]} Bc6 {[%clk
0:36:10]} 20. Rfe1 {[%clk 0:28:22]} Qb6 {[%clk 0:33:46]} 21. Re2 {[%clk 0:27:05]}
Bb5 {[%clk 0:32:45]} 22. Bxb5 {[%clk 0:24:52]} Qxb5 {[%clk 0:32:47]} 23. Nd4
{[%clk 0:23:57]} Qb6 {[%clk 0:31:41]} 24. h4 {[%clk 0:19:07]} a6 {[%clk 0:30:20]}
25. h5 {[%clk 0:16:48]} Qc7 {[%clk 0:29:27]} 26. Bxg7 {[%clk 0:08:14]} Qxg7
{[%clk 0:29:14]} 27. h6 {[%clk 0:05:03]} Qe7 {[%clk 0:27:25]} 28. Rd3 {[%clk
0:04:44]} Qf8 {[%clk 0:24:09]} 29. Rh3 {[%clk 0:03:51]} Qf7 {[%clk 0:22:33]} 30.
f3 {[%clk 0:02:13]} Nc5 {[%clk 0:22:40]} 31. Rg3 {[%clk 0:02:08]} Kh8 {[%clk
0:22:01]} 32. Rg5 {[%clk 0:01:32]} Rf8 {[%clk 0:21:16]} 33. Rd2 {[%clk 0:00:59]}
Nd7 {[%clk 0:19:58]} 34. Re2 {[%clk 0:01:04]} Qe7 {[%clk 0:19:17]} 35. Qg3 {[%clk
0:01:00]} Rg8 {[%clk 0:15:58]} 36. Qf4 {[%clk 0:01:05]} Rgf8 {[%clk 0:15:55]} 37.
Rg3 {[%clk 0:01:11]} Rg8 {[%clk 0:15:04]} 38. Qd2 {[%clk 0:00:53]} g5 {[%clk
0:13:37]} 39. Re1 {[%clk 0:00:45]} Rg6 {[%clk 0:13:21]} 40. Rh3 {[%clk 0:30:43]}
Rcg8 {[%clk 0:38:49]} 41. g4 {[%clk 0:17:25]} fxg4 {[%clk 0:36:35]} 1/2-1/2

[Event "European Women's Championship"]
[Site "Vysoke Tatry"]
[Date "2018.04.14"]
[Round "7"]
[White "Hereklioglu, Sude"]
[Black "Palma, Maria"]
[Result "0-1"]
[Board "70"]
[WhiteElo "2123"]
[WhiteTitle "WFM"]
[WhiteCountry "TUR"]
[WhiteFideId "6359531"]
[WhiteEloChange "-12"]
[BlackElo "2060"]
[BlackTitle "WFM"]
[BlackCountry "ITA"]
[BlackFideId "898481"]
[BlackEloChange "12"]

1. d4 {[%clk 1:30:57]} Nf6 {[%clk 1:30:50]} 2. Nc3 {[%clk 1:31:22]} e6 {[%clk
1:31:02]} 3. Bg5 {[%clk 1:31:40]} d5 {[%clk 1:30:13]} 4. e4 {[%clk 1:31:05]} Be7
{[%clk 1:30:03]} 5. Bxf6 {[%clk 1:31:09]} Bxf6 {[%clk 1:29:08]} 6. Nf3 {[%clk
1:31:17]} O-O {[%clk 1:27:21]} 7. Be2 {[%clk 1:28:06]} b6 {[%clk 1:23:29]} 8. O-O
{[%clk 1:22:23]} Bb7 {[%clk 1:19:20]} 9. Qd3 {[%clk 1:14:38]} Na6 {[%clk
1:04:50]} 10. e5 {[%clk 1:11:05]} Be7 {[%clk 1:03:51]} 11. Nd1 {[%clk 1:10:56]}
Nb4 {[%clk 1:00:29]} 12. Qd2 {[%clk 1:11:05]} c5 {[%clk 1:00:41]} 13. c3 {[%clk
0:58:05]} Nc6 {[%clk 1:00:26]} 14. Qf4 {[%clk 0:58:10]} Rc8 {[%clk 0:57:18]} 15.
Bd3 {[%clk 0:57:37]} cxd4 {[%clk 0:56:39]} 16. Nxd4 {[%clk 0:57:48]} Qd7 {[%clk
0:44:39]} 17. Ne3 {[%clk 0:51:34]} f6 {[%clk 0:40:19]} 18. Nxc6 {[%clk 0:50:19]}
Bxc6 {[%clk 0:39:36]} 19. Rad1 {[%clk 0:45:40]} fxe5 {[%clk 0:38:49]} 20. Qxe5
{[%clk 0:46:00]} Bd6 {[%clk 0:39:06]} 21. Qh5 {[%clk 0:45:23]} g6 {[%clk
0:38:26]} 22. Qg5 {[%clk 0:34:40]} Bf4 {[%clk 0:32:53]} 23. Qg4 {[%clk 0:31:27]}
Qf7 {[%clk 0:31:29]} 24. g3 {[%clk 0:30:36]} Bd6 {[%clk 0:30:33]} 25. f4 {[%clk
0:30:30]} Bc5 {[%clk 0:29:30]} 26. Rde1 {[%clk 0:30:33]} Kh8 {[%clk 0:28:03]} 27.
b4 {[%clk 0:29:17]} Bd6 {[%clk 0:27:23]} 28. Qd1 {[%clk 0:14:14]} Qg7 {[%clk
0:24:28]} 29. Qb3 {[%clk 0:13:57]} Ba8 {[%clk 0:15:58]} 30. Ng4 {[%clk 0:12:10]}
Rxc3 {[%clk 0:14:56]} 31. Qb1 {[%clk 0:11:37]} Qd4+ {[%clk 0:14:27]} 32. Nf2
{[%clk 0:11:25]} e5 {[%clk 0:09:25]} 33. fxe5 {[%clk 0:06:30]} Bxe5 {[%clk
0:08:50]} 34. Bxg6 {[%clk 0:06:47]} Bxg3 {[%clk 0:04:54]} 35. Bf5 {[%clk
0:04:03]} Qh4 {[%clk 0:03:12]} 36. h3 {[%clk 0:03:49]} d4 {[%clk 0:02:28]} 37.
Rc1 {[%clk 0:02:15]} Bh2+ {[%clk 0:02:40]} 38. Kxh2 {[%clk 0:02:37]} Qg3# {[%clk
0:03:05]} 0-1

[Event "European Women's Championship"]
[Site "Vysoke Tatry"]
[Date "2018.04.14"]
[Round "7"]
[White "Nadzamova, Viktoria"]
[Black "Koloditsova, Renata"]
[Result "1-0"]
[Board "71"]
[WhiteElo "1766"]
[WhiteTitle "WCM"]
[WhiteCountry "SVK"]
[WhiteFideId "14943999"]
[WhiteEloChange "15"]
[BlackElo "1978"]
[BlackCountry "SVK"]
[BlackFideId "14927705"]
[BlackEloChange "-15"]

1. e4 {[%clk 1:30:54]} e5 {[%clk 1:30:52]} 2. Nf3 {[%clk 1:31:13]} Nc6 {[%clk
1:31:07]} 3. Bb5 {[%clk 1:31:36]} a6 {[%clk 1:31:14]} 4. Ba4 {[%clk 1:32:00]} Nf6
{[%clk 1:31:18]} 5. d3 {[%clk 1:31:27]} b5 {[%clk 1:30:45]} 6. Bb3 {[%clk
1:31:45]} Bc5 {[%clk 1:30:35]} 7. O-O {[%clk 1:31:17]} d6 {[%clk 1:30:00]} 8. c3
{[%clk 1:31:15]} h6 {[%clk 1:29:38]} 9. h3 {[%clk 1:29:40]} O-O {[%clk 1:29:41]}
10. Re1 {[%clk 1:19:26]} Bb6 {[%clk 1:29:38]} 11. Nbd2 {[%clk 1:17:33]} Re8
{[%clk 1:28:13]} 12. a4 {[%clk 1:07:44]} Rb8 {[%clk 1:26:05]} 13. Nf1 {[%clk
1:04:39]} Ne7 {[%clk 1:22:46]} 14. Ng3 {[%clk 0:55:18]} Ng6 {[%clk 1:16:12]} 15.
a5 {[%clk 0:52:06]} Ba7 {[%clk 1:16:15]} 16. Be3 {[%clk 0:49:30]} Bxe3 {[%clk
1:15:21]} 17. fxe3 {[%clk 0:49:47]} c5 {[%clk 1:13:16]} 18. Qd2 {[%clk 0:40:21]}
Qc7 {[%clk 1:02:28]} 19. d4 {[%clk 0:33:34]} d5 {[%clk 0:52:23]} 20. Bc2 {[%clk
0:18:43]} Bb7 {[%clk 0:51:07]} 21. dxe5 {[%clk 0:07:58]} Nxe4 {[%clk 0:48:10]}
22. Nxe4 {[%clk 0:06:21]} dxe4 {[%clk 0:48:28]} 23. Nh2 {[%clk 0:05:07]} Nxe5
{[%clk 0:48:24]} 24. Ng4 {[%clk 0:03:12]} Nxg4 {[%clk 0:45:33]} 25. hxg4 {[%clk
0:03:36]} Rbd8 {[%clk 0:43:20]} 26. Qf2 {[%clk 0:03:33]} Qe7 {[%clk 0:39:40]} 27.
Rf1 {[%clk 0:03:27]} Rd6 {[%clk 0:36:53]} 28. Rad1 {[%clk 0:02:52]} Rf6 {[%clk
0:34:03]} 29. Qe2 {[%clk 0:02:20]} Rxf1+ {[%clk 0:31:51]} 30. Qxf1 {[%clk
0:02:25]} Rd8 {[%clk 0:23:52]} 31. Rxd8+ {[%clk 0:01:05]} Qxd8 {[%clk 0:24:17]}
32. Qf2 {[%clk 0:00:49]} Qg5 {[%clk 0:17:20]} 33. Bd1 {[%clk 0:01:01]} Bd5 {[%clk
0:12:26]} 34. b4 {[%clk 0:00:36]} cxb4 {[%clk 0:11:25]} 35. cxb4 {[%clk 0:00:59]}
Bc4 {[%clk 0:10:42]} 36. Qd2 {[%clk 0:00:54]} Qd5 {[%clk 0:10:26]} 37. Qe1 {[%clk
0:00:38]} Qd3 {[%clk 0:08:46]} 38. Kh2 {[%clk 0:00:41]} g5 {[%clk 0:06:38]} 39.
Kh1 {[%clk 0:00:34]} Kf8 {[%clk 0:05:46]} 40. Kh2 {[%clk 0:30:34]} Ke7 {[%clk
0:35:08]} 41. Kg3 {[%clk 0:24:35]} f6 {[%clk 0:32:19]} 42. Kh3 {[%clk 0:21:49]}
Qf1 {[%clk 0:29:36]} 43. Qxf1 {[%clk 0:19:18]} Bxf1 {[%clk 0:30:01]} 44. Bc2
{[%clk 0:18:40]} Bd3 {[%clk 0:29:59]} 45. Bb3 {[%clk 0:18:31]} Kd6 {[%clk
0:29:20]} 46. Kg3 {[%clk 0:15:13]} Bc4 {[%clk 0:25:47]} 47. Bc2 {[%clk 0:13:59]}
Ke5 {[%clk 0:23:07]} 48. Bd1 {[%clk 0:13:10]} Bf7 {[%clk 0:21:13]} 49. Kh3 {[%clk
0:10:48]} Be6 {[%clk 0:17:42]} 50. Kh2 {[%clk 0:09:34]} Bg8 {[%clk 0:09:56]} 51.
g3 {[%clk 0:08:55]} Bf7 {[%clk 0:05:41]} 52. Kh3 {[%clk 0:07:46]} Be6 {[%clk
0:06:03]} 53. Kg2 {[%clk 0:07:58]} f5 {[%clk 0:05:54]} 54. gxf5 {[%clk 0:07:57]}
Kxf5 {[%clk 0:06:03]} 55. g4+ {[%clk 0:07:58]} Kg6 {[%clk 0:06:18]} 56. Kg3
{[%clk 0:07:35]} Bd7 {[%clk 0:06:42]} 57. Kg2 {[%clk 0:07:20]} h5 {[%clk
0:05:49]} 58. gxh5+ {[%clk 0:06:56]} Kh6 {[%clk 0:06:11]} 59. Kg3 {[%clk
0:07:10]} Be8 {[%clk 0:05:00]} 60. Bc2 {[%clk 0:07:11]} Bc6 {[%clk 0:04:52]} 61.
Bd1 {[%clk 0:07:26]} Bd5 {[%clk 0:03:04]} 62. Bg4 {[%clk 0:07:20]} Bb7 {[%clk
0:02:52]} 63. Kf2 {[%clk 0:06:43]} Bc6 {[%clk 0:01:59]} 64. Bc8 {[%clk 0:05:08]}
Kxh5 {[%clk 0:02:13]} 65. Bxa6 {[%clk 0:05:32]} Kh4 {[%clk 0:02:06]} 66. Kg2
{[%clk 0:05:53]} g4 {[%clk 0:02:08]} 67. Bc8 {[%clk 0:05:55]} Kg5 {[%clk
0:01:03]} 68. a6 {[%clk 0:06:09]} Kf6 {[%clk 0:01:19]} 69. Bb7 {[%clk 0:06:28]}
1-0

[Event "European Women's Championship"]
[Site "Vysoke Tatry"]
[Date "2018.04.14"]
[Round "7"]
[White "Ferkova, Dominika"]
[Black "Serakova, Tatana"]
[Result "1-0"]
[Board "72"]
[WhiteElo "2068"]
[WhiteCountry "SVK"]
[WhiteFideId "14933071"]
[WhiteEloChange "2"]
[BlackElo "1633"]
[BlackCountry "CZE"]
[BlackFideId "377856"]
[BlackEloChange "-2"]

1. d4 {[%clk 1:30:57]} d5 {[%clk 1:30:55]} 2. c4 {[%clk 1:31:23]} c6 {[%clk
1:31:18]} 3. Nc3 {[%clk 1:31:48]} Nf6 {[%clk 1:31:43]} 4. Nf3 {[%clk 1:32:12]} a6
{[%clk 1:31:29]} 5. a4 {[%clk 1:31:14]} e6 {[%clk 1:31:14]} 6. Bg5 {[%clk
1:30:19]} Nbd7 {[%clk 1:31:02]} 7. e3 {[%clk 1:30:09]} Qa5 {[%clk 1:30:40]} 8.
Nd2 {[%clk 1:24:14]} Bb4 {[%clk 1:27:31]} 9. Qc2 {[%clk 1:19:26]} dxc4 {[%clk
1:20:47]} 10. Bxf6 {[%clk 1:19:25]} Nxf6 {[%clk 1:21:10]} 11. Nxc4 {[%clk
1:16:27]} Qc7 {[%clk 1:20:00]} 12. Be2 {[%clk 1:13:16]} Bd7 {[%clk 1:16:46]} 13.
a5 {[%clk 1:10:04]} c5 {[%clk 1:08:47]} 14. O-O {[%clk 0:58:39]} cxd4 {[%clk
1:03:19]} 15. exd4 {[%clk 0:59:03]} Bc6 {[%clk 0:51:16]} 16. Qb3 {[%clk 0:55:17]}
Be7 {[%clk 0:47:51]} 17. h3 {[%clk 0:49:57]} O-O {[%clk 0:46:42]} 18. Ne5 {[%clk
0:48:36]} Ne4 {[%clk 0:38:16]} 19. Rfe1 {[%clk 0:26:10]} Nxc3 {[%clk 0:22:47]}
20. bxc3 {[%clk 0:26:25]} Rac8 {[%clk 0:17:31]} 21. Bd3 {[%clk 0:19:20]} Bg5
{[%clk 0:11:06]} 22. Qd1 {[%clk 0:07:07]} h6 {[%clk 0:10:25]} 23. Ra2 {[%clk
0:05:06]} Be8 {[%clk 0:07:46]} 24. c4 {[%clk 0:05:20]} Rb8 {[%clk 0:06:03]} 25.
Qg4 {[%clk 0:02:30]} Qe7 {[%clk 0:05:05]} 26. Rb1 {[%clk 0:01:55]} f5 {[%clk
0:05:04]} 27. Qe2 {[%clk 0:02:15]} Qf6 {[%clk 0:03:38]} 28. Rb6 {[%clk 0:01:53]}
h5 {[%clk 0:02:58]} 29. d5 {[%clk 0:01:34]} Qe7 {[%clk 0:00:44]} 30. Rxe6 {[%clk
0:00:54]} Qd8 {[%clk 0:00:35]} 31. Rb6 {[%clk 0:00:56]} Rf6 {[%clk 0:00:34]} 32.
c5 {[%clk 0:00:39]} Qxd5 {[%clk 0:00:34]} 33. Bc4 {[%clk 0:01:08]} 1-0

[Event "European Women's Championship"]
[Site "Vysoke Tatry"]
[Date "2018.04.16"]
[Round "8"]
[White "Dzagnidze, Nana"]
[Black "Gunina, Valentina"]
[Result "0-1"]
[Board "1"]
[WhiteElo "2507"]
[WhiteTitle "GM"]
[WhiteCountry "GEO"]
[WhiteFideId "13601903"]
[WhiteEloChange "-5"]
[BlackElo "2507"]
[BlackTitle "GM"]
[BlackCountry "RUS"]
[BlackFideId "4167570"]
[BlackEloChange "5"]

1. Nf3 {[%clk 1:30:56]} d5 {[%clk 1:30:49]} 2. c4 {[%clk 1:29:51]} e6 {[%clk
1:31:03]} 3. g3 {[%clk 1:29:28]} Nf6 {[%clk 1:31:27]} 4. Bg2 {[%clk 1:29:54]} Be7
{[%clk 1:31:53]} 5. O-O {[%clk 1:25:46]} O-O {[%clk 1:32:16]} 6. cxd5 {[%clk
1:21:59]} exd5 {[%clk 1:32:23]} 7. b3 {[%clk 1:22:24]} c6 {[%clk 1:30:03]} 8. Bb2
{[%clk 1:22:50]} Bg4 {[%clk 1:25:56]} 9. h3 {[%clk 1:22:51]} Bxf3 {[%clk
1:23:55]} 10. Bxf3 {[%clk 1:23:15]} Nbd7 {[%clk 1:24:20]} 11. Bg2 {[%clk
1:19:08]} Bd6 {[%clk 1:21:25]} 12. d3 {[%clk 1:17:43]} Qe7 {[%clk 1:20:27]} 13.
e4 {[%clk 1:17:19]} dxe4 {[%clk 1:19:48]} 14. dxe4 {[%clk 1:17:46]} Rad8 {[%clk
1:20:10]} 15. Qc2 {[%clk 1:17:11]} Rfe8 {[%clk 1:17:39]} 16. Nc3 {[%clk 1:14:32]}
h5 {[%clk 1:13:41]} 17. f4 {[%clk 1:13:41]} h4 {[%clk 1:12:19]} 18. g4 {[%clk
1:11:38]} Bc7 {[%clk 0:43:49]} 19. Rad1 {[%clk 0:56:52]} Qc5+ {[%clk 0:35:02]}
20. Kh1 {[%clk 0:56:58]} Nf8 {[%clk 0:35:17]} 21. e5 {[%clk 0:45:09]} Nd5 {[%clk
0:35:26]} 22. Bxd5 {[%clk 0:45:06]} cxd5 {[%clk 0:35:54]} 23. Qg2 {[%clk
0:43:14]} d4 {[%clk 0:34:05]} 24. Ne4 {[%clk 0:43:40]} Qb6 {[%clk 0:33:40]} 25.
Ba3 {[%clk 0:40:54]} Ng6 {[%clk 0:32:46]} 26. Bd6 {[%clk 0:28:08]} Rd7 {[%clk
0:18:44]} 27. Rd3 {[%clk 0:10:46]} Rc8 {[%clk 0:15:45]} 28. Qc2 {[%clk 0:07:27]}
Rdd8 {[%clk 0:15:17]} 29. Qg2 {[%clk 0:04:16]} Bxd6 {[%clk 0:14:51]} 30. Nxd6
{[%clk 0:04:44]} Rc3 {[%clk 0:15:10]} 31. Rxc3 {[%clk 0:03:44]} dxc3 {[%clk
0:15:39]} 32. Qe4 {[%clk 0:02:53]} Rd7 {[%clk 0:13:27]} 33. Kg2 {[%clk 0:03:00]}
a5 {[%clk 0:08:10]} 34. Kf3 {[%clk 0:02:23]} Rc7 {[%clk 0:06:44]} 35. Nc4 {[%clk
0:02:12]} Qc5 {[%clk 0:04:16]} 36. a4 {[%clk 0:00:38]} Qb4 {[%clk 0:02:08]} 37.
Rb1 {[%clk 0:00:37]} b5 {[%clk 0:02:01]} 38. axb5 {[%clk 0:00:34]} Qxb5 {[%clk
0:02:16]} 39. Qa8+ {[%clk 0:00:37]} Kh7 {[%clk 0:02:38]} 40. Qe4 {[%clk 0:30:57]}
a4 {[%clk 0:32:30]} 41. Nd6 {[%clk 0:23:27]} Qa6 {[%clk 0:30:21]} 42. bxa4 {[%clk
0:13:12]} c2 {[%clk 0:30:15]} 43. Rc1 {[%clk 0:13:39]} Rc3+ {[%clk 0:30:41]} 44.
Kf2 {[%clk 0:11:27]} Qb6+ {[%clk 0:30:58]} 45. Ke2 {[%clk 0:11:52]} Rxh3 {[%clk
0:24:30]} 46. Nc4 {[%clk 0:06:14]} Rh2+ {[%clk 0:22:04]} 47. Kd3 {[%clk 0:06:42]}
Qb3+ {[%clk 0:21:29]} 48. Kd4 {[%clk 0:07:10]} Qxa4 {[%clk 0:20:22]} 49. e6
{[%clk 0:01:50]} Qa7+ {[%clk 0:20:17]} 50. Kd5 {[%clk 0:01:55]} fxe6+ {[%clk
0:20:34]} 51. Kxe6 {[%clk 0:02:10]} Re2 {[%clk 0:20:58]} 0-1